| 000 | 00000nam##2200000za#4500 |
| 001 | 9.571763 |
| 003 | CaOODSP |
| 005 | 20250319164511 |
| 007 | cr ||||||||||| |
| 008 | 150406|2001||||xxc|||||o f|0| 0 eng|d |
| 040 | |aCaOODSP|beng |
| 043 | |an-cn--- |
| 086 | 1 |aNH18-23/83E-PDF |
| 110 | 2 |aCanada Mortgage and Housing Corporation. |
| 245 | 10|aUser satisfaction study of housing options for older Canadians |h[electronic resource] |
| 260 | |aOttawa - Ontario : |bCanada Mortgage and Housing Corporation |cMay 2001. |
| 300 | |a6p. |
| 490 | 1 |aResearch highlight. Socio-economic series |v83 |
| 590 | |a11-23-Supp|b2011-10-17 |
| 690 | 07|aSeniors|2gcpds |
| 690 | 07|aHousing|2gcpds |
| 776 | 0#|tUser satisfaction study of housing options for older Canadians |w(CaOODSP)9.615783 |
| 830 | #0|aResearch highlight. Socio-economic series ;|v83|w(CaOODSP)9.505168 |
| 856 | 40|ahttp://publications.gc.ca|qPDF|s116 KB|uhttps://publications.gc.ca/collections/Collection/NH18-23-83E.pdf|y83 |